Sericulture in Bantayan, Kabankalan, Negros Occidental / (Record no. 6213)
[ view plain ]
| 000 -LEADER | |
|---|---|
| fixed length control field | 03184nam a22003737a 4500 |
| 003 - CONTROL NUMBER IDENTIFIER | |
| control field | OSt |
| 005 - DATE AND TIME OF LATEST TRANSACTION | |
| control field | 20260602104617.0 |
| 007 - PHYSICAL DESCRIPTION FIXED FIELD--GENERAL INFORMATION | |
| fixed length control field | a |
| 008 - FIXED-LENGTH DATA ELEMENTS--GENERAL INFORMATION | |
| fixed length control field | 260602b |||||||| |||| 00| 0 eng d |
| 040 ## - CATALOGING SOURCE | |
| Original cataloging agency | Foundation University |
| Language of cataloging | eng |
| Transcribing agency | Foundation University |
| Description conventions | rda |
| 050 ## - LIBRARY OF CONGRESS CALL NUMBER | |
| Classification number | GS (MBA-FS) LG 221 D35 G73 |
| Item number | A5 B87 2004 G47 |
| 100 ## - MAIN ENTRY--PERSONAL NAME | |
| Personal name | Gestupa, Joy S., |
| Relator term | author. |
| 9 (RLIN) | 16339 |
| 245 00 - TITLE STATEMENT | |
| Title | Sericulture in Bantayan, Kabankalan, Negros Occidental / |
| Statement of responsibility, etc. | by Joy S. Gestupa. |
| 260 ## - PUBLICATION, DISTRIBUTION, ETC. | |
| Place of publication, distribution, etc. | Dumaguete City : |
| Name of publisher, distributor, etc. | Foundation University, |
| Date of publication, distribution, etc. | 2004. |
| 264 ## - PRODUCTION, PUBLICATION, DISTRIBUTION, MANUFACTURE, AND COPYRIGHT NOTICE | |
| Copyright Date | 2004. |
| 300 ## - PHYSICAL DESCRIPTION | |
| Materials specified | feasibility study |
| Extent | xv, 155 leaves : |
| Other physical details | ill. (some color.) ; photographs ; |
| Dimensions | 28 cm. |
| Type of unit | leaves |
| 336 ## - CONTENT TYPE | |
| Materials specified | rdacontent |
| Content type term | text |
| Content type code | txt |
| 337 ## - MEDIA TYPE | |
| Materials specified | rdamedia |
| Media type term | unmediated |
| Media type code | n |
| 338 ## - CARRIER TYPE | |
| Source | rdacarrier |
| Materials specified | MBA-FS |
| Carrier type term | volume |
| Carrier type code | nc |
| 490 ## - SERIES STATEMENT | |
| Series statement | MBA-FS |
| 500 ## - GENERAL NOTE | |
| General note | Feasibility study submitted to Foundation University. |
| 502 ## - DISSERTATION, THESIS NOTE | |
| Dissertation note | Graduate feasibility study (Master in Business Administration) -- Foundation University, 2004. |
| 504 ## - BIBLIOGRAPHY, ETC. NOTE | |
| Bibliography, etc. note | Includes bibliographical references and appendixes. |
| 520 ## - ABSTRACT. | |
| Abstract | Abstract<br/>It was the objective of this study to determine the<br/>feasibility of Sericulture in Bantayan, Kabankalan,<br/>Negros Occiental.<br/>In this project feasibility study, the methods used<br/>interview, observation, and documentary analysis.<br/>The result of the study indicates that based on the<br/>underlying assmpt ions, Sericulture project in Bantayan,<br/>Negros Occidental is feasible. In surmaryr from the<br/>technical point of view Sericulture is feasible . Several<br/>business endeavor of the same kind are already in<br/>operation and is proven a success. On the financial point<br/>of view/aspect Sericulture is profitable and feasible.<br/>The project needs only a small amount of capital izat ion<br/>to start and promi ses a very big deal of returns. On the<br/>management aspect it is al so found to be feasible. A<br/>good management practice is needed to ensure success in<br/>this kind of business endeavor. With regards to expertise<br/>it can be learned and master as the business grows and<br/>with the free training and seminars skills needed to be<br/>developed in this kind of business will surely be<br/>learned. With regards to Marketing aspect cocoons have a<br/>very high demand both in local and foreign markets. The<br/>project is also social ly desirable and economically<br/>acceptable.<br/>The project if carried out will benefit the people<br/>of Bantayan, the Province and the Country. Specifically<br/>some of the economic benefits are employment benefits,<br/>improved farming practices, utilization of labor and<br/>skills, improve GNP, Source of funds for the government<br/>and sericulture project have environmental contribut ion<br/>also. |
| 650 ## - SUBJECT ADDED ENTRY--TOPICAL TERM | |
| Topical term or geographic name entry element | Sericulture |
| Geographic subdivision | Philippines. |
| 9 (RLIN) | 16946 |
| 650 ## - SUBJECT ADDED ENTRY--TOPICAL TERM | |
| Topical term or geographic name entry element | Silkworms |
| General subdivision | Breeding. |
| 9 (RLIN) | 16947 |
| 650 ## - SUBJECT ADDED ENTRY--TOPICAL TERM | |
| Topical term or geographic name entry element | Mulberry culture. |
| 9 (RLIN) | 16948 |
| 650 ## - SUBJECT ADDED ENTRY--TOPICAL TERM | |
| Topical term or geographic name entry element | Silk industry |
| Geographic subdivision | Philippines. |
| 9 (RLIN) | 16949 |
| 650 ## - SUBJECT ADDED ENTRY--TOPICAL TERM | |
| Topical term or geographic name entry element | Rural development. |
| 9 (RLIN) | 4843 |
| 650 ## - SUBJECT ADDED ENTRY--TOPICAL TERM | |
| Topical term or geographic name entry element | Agriculture |
| General subdivision | Economic aspects. |
| 9 (RLIN) | 15464 |
| 658 ## - INDEX TERM--CURRICULUM OBJECTIVE | |
| Main curriculum objective | Capstone/Thesis Writing 2 : |
| Subordinate curriculum objective | Business Administration, Master in. ; |
| Curriculum code | MBA214 |
| 900 #0 - CIA (Compiler, Indexer, Abstractor) | |
| Relator code | Sapalaran, James O., cataloger |
| 942 ## - ADDED ENTRY ELEMENTS (KOHA) | |
| Source of classification or shelving scheme | Library of Congress Classification |
| Koha item type | Feasibility Study |
| Classification part | LG 221 D35 G73 |
| Item part | A5 B87 2004 G47 |
| Call number prefix | GS (MBA-FS) |
| Suppress in OPAC | No |
| Withdrawn status | Lost status | Source of classification or shelving scheme | Damaged status | Not for loan | Collection code | Home library | Current library | Shelving location | Date acquired | Source of acquisition | Total Checkouts | Full call number | Barcode | Date last seen | Price effective from | Koha item type | Accession Number |
|---|---|---|---|---|---|---|---|---|---|---|---|---|---|---|---|---|---|
| Library of Congress Classification | Room Use Only | Non-fiction | Foundation University Library | Foundation University Library | Capstone, BP, FS | 06/02/2026 | Donated | GS (MBA-FS) LG 221 D35 G73 A5 B87 2004 G47 | 092024003005 | 06/02/2026 | 06/02/2026 | Feasibility Study | MBA-FS-2026049 |
